000 00358nam a2200133Ia 4500
008 240624s9999 xx 000 0 und d
041 _aeng
082 _a332.64 HAE
100 _aHAENTJENS MATTHIAS
245 _aRESEARCH HANDBOOK ON CRISIS MANAGEMENT I
260 _c2015
_aUnited Kingdom
_bEdward Elgar
300 _axxxvi, 604 p.; 23 cm.
365 _c
_b38
999 _c30628
_d30628